| 000 | 00830nam a2200229 i 4500 | ||
|---|---|---|---|
| 001 | 6219 | ||
| 003 | ES-MaACL | ||
| 005 | 20231222163559.0 | ||
| 008 | 890829s1989 sp ||||1| spa d | ||
| 020 | _a84-239-5278-9 | ||
| 080 | _a725.12(46) | ||
| 100 | 1 |
_aGyenes, Juan ( _d1912-1995) _961331 |
|
| 245 | 1 | 0 |
_aEmbajadas de España y su historia / _cen fotografias de Juan Gyenes y textos de Alfonso de la Serna. |
| 260 |
_aMadrid : _bEspasa-Calpe, _c1989. |
||
| 300 |
_a198 p. : _bprincipalmente fot. col. y n. ; _c31 cm. |
||
| 600 | 1 | 4 |
_aGyenes, Juan ( _d1912-1995) _961331 |
| 650 | 4 |
_aEdificios para embajadas- _vHistoria. _9172625 |
|
| 650 | 4 |
_aServicio diplomático y consular- _zEspaña. _9172626 |
|
| 700 | 1 |
_aSerna, Alfonso de la, _d1922-2006 _9105561 |
|
| 852 |
_aES-MaACL _jL-13334 _z- Enc. tela |
||
| 999 |
_c6219 _d6219 |
||